000 00805nam0a22002291 4500
001 rc\2841130
005 20250529202922.0
035 _a(NLR Aleph) 006998694
090 _a5698800
_c5698800
100 _a20110629d1927 |||y0rusy50 ca
101 0 _arus
102 _aRU
105 _aa z |||||
200 1 _aМилые крошки
_e[Стишки с картинками для детей дошк. возраста]
_fРис. С. Золотов
210 _a[Одесса]
_cСветоч
_d1927
_g2-а держлітогр. ім. Леніна
215 _a[12] с., с рис. в красках, без тит. л., входит обл.
_cрис.
702 1 _aЗолотов
_bС.
_4440
801 0 _aRU
_bNLR
_gpsbo
801 1 _aRU
_bELAR
_2rusmarc
852 _aNLR
_j61/1494
942 _cBOOK
980 _aNB